000 00553nam a2200193 a 4500
001 8162
003 CO-ViMGA
008 141112s2004 ck r 000 u spa d
020 _a9586145107
040 _aCO-ViMGA
_bspa
_cCO-ViMGA
082 0 4 _aCo863.44 C11s
100 1 _aCaballero, Antonio
_97909
245 1 0 _aSin remedio /
_cCaballero Antonio
260 _aBogotá,
_cSeix Barral,
_c1996
300 _a565 p.
590 _aForma de adquisición : donacion - - Proveedor : Luis Ángel Arango
650 1 4 _aNovela colombiana
_91193
942 _2ddc
_cBK
999 _c19975
_d19975